| 000 | 00404nam a2200145Ia 4500 | ||
|---|---|---|---|
| 008 | 210210b1995 xxu||||| |||| 00| 0 eng d | ||
| 020 | _a81 7013 138 3 | ||
| 082 | _a954.03 VASH | ||
| 100 | _aVASANTHA MADHAVA (K G). | ||
| 245 | _aHistory of the freedom movement in India (1857-1947). | ||
| 260 |
_aNew Delhi. _bNavrang Publishers., _c1995 |
||
| 300 | _a237 | ||
| 690 | _aIndian History | ||
| 906 | _a050282 | ||
| 999 |
_c98771 _d98771 |
||